000 01439cam a22003251i 4500
003 SA-RiAUC
005 20251113132201.0
008 251016s1992 le g b 000r0dara c
040 _aSA-RiAUC
_bara
_cSA-RiAUC
_erda
050 4 _bA43 1992
082 0 4 _a189.13
_qSA-RiAUC
090 _a189.13
_bع ل و
100 1 _aالعلوي، سعيد بن سعيد
_eمؤلف.
245 1 2 _aالخطاب الأشعري :
_bمساهمة في دراسة العقل العربي الإسلامي /
_cسعيد بن سعيد العلوي.
250 _aالطبعة الأولى.
264 1 _aبيروت :
_bدار المنتخب العربي للدراسات والنشر والتوزيع،
_c1992
300 _a335 صفحة ؛
_c24 سم.
336 _aنص
_btxt
_2rdacontent
_3كتاب
337 _aبدون وسيط
_bn
_2rdamedia
338 _aمجلد
_bnc
_2rdacarrier
490 0 _aدراسات إسلامية
504 _aببليوجرافية : صفحة 329-333.
504 _aيشتمل على إرجاعات ببليوجرافية.
600 1 7 _aأبو الحسن الأشعري، علي بن إسماعيل بن إسحاق،
_d260-324 هجري
_2aucnm
650 7 _aالفلسفة الإسلامية
_2aucsh
650 7 _aالأشاعرة (فرقة إسلامية)
_xفلسفة
_2aucsh
650 7 _aالفرق الإسلامية
_2aucsh
942 _2ddc
_cBOOK
_n0
949 _aSA-JeALM
_d251016
_umohamedma123
_n1
999 _c13255
_d13255